Revitalizácia ubytovacieho zariadenia na Slovensku – Melrose Apartments bakalárska práca
Salvato in:
| Autore principale: | |
|---|---|
| Ente Autore: | |
| Altri autori: | |
| Natura: | Libro |
| Lingua: | slovacco |
| Pubblicazione: |
Bratislava
2020
|
| Tags: |
Nessun Tag, puoi essere il primo ad aggiungerne!!
|
MARC
| LEADER | 00000nbm a2200000 4500 | ||
|---|---|---|---|
| 001 | 0266478 | ||
| 005 | 20201007095325.1 | ||
| 041 | 0 | |a slo | |
| 044 | |a SK | ||
| 245 | 1 | 0 | |a Revitalizácia ubytovacieho zariadenia na Slovensku – Melrose Apartments |b bakalárska práca |c Henrieta Harcsová ; školiteľ: Roman Staňo |
| 264 | 1 | |a Bratislava |c 2020 | |
| 300 | |a 44 s. | ||
| 100 | 1 | |a Harcsová, Henrieta, 1998- | |
| 700 | 1 | |a Staňo, Roman | |
| 710 | 2 | |a Obchodná fakulta EU. Katedra služieb a cestovného ruchu - zrušené | |